000 00695nam a22002057a 4500
005 20230616164509.0
008 230614b ||||| |||| 00| 0 eng d
040 _cAL
041 _amal
082 _223
_a894.8123
_bZUHK
100 _aB M Zuhara: സുഹറ ബി എം
_9124194
245 _aKinavu: കിനാവ്
260 _aKozhikode
_bP K Brothers
_c1997
300 _a112p.
_bPB
_c21x13cm.
365 _2Malayalam
_b40.00
_c
_d40.00
650 _aMalayalam Novel: മലയാളം നോവൽ
_9123899
650 _aMalayalam Fiction: മലയാളം ഫിക്ഷൻ
_9123900
700 _aZUHARA (B M): സുഹറ (ബി എം)
_9123901
942 _2ddc
_cDB
999 _c227522
_d227522